| 000 | 00712 a2200277 4500 | ||
|---|---|---|---|
| 003 | 00 | ||
| 005 | 20170921140935.0 | ||
| 008 | 170921b xxu||||| |||| 00| 0 eng d | ||
| 020 | _a2 10 048843 0 | ||
| 037 | _b1, CIUF | ||
| 037 | _a07/234 | ||
| 040 |
_aBUAC _cBUC |
||
| 041 | _aFre | ||
| 100 | _aSeguin, Gérard | ||
| 100 | _lFr | ||
| 245 |
_aGestion opérationnelle des équipes : _bla boite à outils _c/ par Gérard,Seguin |
||
| 260 | _aParis | ||
| 260 | _bDunod | ||
| 260 | _c2005 | ||
| 300 |
_a301 p _b23 cm. |
||
| 500 | _aBibliogr. pp. (295 -297) Index. pp.(299 - 301) | ||
| 630 | _aSCIENCES APPLIQUEES | ||
| 650 | _aRessources humaines : des équipes | ||
| 942 | _cLIVR | ||
| 999 |
_c45597 _d45597 |
||